Создание сайтов на основе WordPress учебное пособие для вузов
В учебном пособии рассматриваются вопросы создания сайтов на основе CMS WordPress. Структура пособия рассчитана на последовательное освоение данной системы управления сайтом — основных понятий WordPress, вопросов размещения информации, настройки и оформления сайта, создания сервера и разработки собс...
محفوظ في:
| المؤلف الرئيسي: | |
|---|---|
| التنسيق: | Книга |
| اللغة: | Russian |
| منشور في: |
Санкт-Петербург
Лань
2023
|
| الطبعة: | 4-е изд., стер. |
| الموضوعات: | |
| الوصول للمادة أونلاين: | https://e.lanbook.com/book/282521 https://e.lanbook.com/img/cover/book/282521.jpg |
| الوسوم: |
إضافة وسم
لا توجد وسوم, كن أول من يضع وسما على هذه التسجيلة!
|
| LEADER | 03164nam0a2200361 i 4500 | ||
|---|---|---|---|
| 001 | 282521 | ||
| 003 | RuSpLAN | ||
| 005 | 20221220174212.0 | ||
| 008 | 221220s2023 ru gs 000 0 rus | ||
| 020 | |a 978-5-507-45753-3 | ||
| 040 | |a RuSpLAN | ||
| 041 | 0 | |a rus | |
| 044 | |a ru | ||
| 080 | |a 004 | ||
| 084 | |a 32.973.26 018.2я73 |2 rubbk | ||
| 245 | 0 | 0 | |a Создание сайтов на основе WordPress |b учебное пособие для вузов |c Сергеев А. Н. |
| 250 | |a 4-е изд., стер. | ||
| 260 | |a Санкт-Петербург |b Лань |c 2023 | ||
| 300 | |a 120 с. | ||
| 500 | |a Допущено УМО по направлению «Педагогическое образование» Министерства образования и науки РФ в качестве учебного пособия для вузов, ведущих подготовку по направлению «Педагогическое образование» | ||
| 504 | |a Библиогр.: доступна в карточке книги, на сайте ЭБС Лань | ||
| 520 | 8 | |a В учебном пособии рассматриваются вопросы создания сайтов на основе CMS WordPress. Структура пособия рассчитана на последовательное освоение данной системы управления сайтом — основных понятий WordPress, вопросов размещения информации, настройки и оформления сайта, создания сервера и разработки собственных компонент.Учебное пособие предназначено для студентов, изучающих вопросы разработки собственных сайтов на основе свободно распространяемых систем управления контентом. Такая подготовка ведется по направлениям «Прикладная информатика», «Педагогическое образование» (профиль «Информатика»), «Информационные системы и технологии» и др. Учебное пособие может использоваться в курсах «Компьютерные сети», «Разработка интернет-ресурсов», «Мультимедийные системы и веб-дизайн» и др. при проведении практикумов, лабораторных и самостоятельных работ. | |
| 521 | 8 | |a Книга из коллекции Лань - Информатика | |
| 653 | 0 | |a wordpress | |
| 653 | 0 | |a интернет | |
| 653 | 0 | |a cms | |
| 653 | 0 | |a система управления контентом | |
| 653 | 0 | |a сервер | |
| 653 | 0 | |a сайт | |
| 100 | 1 | |a Сергеев А. Н. | |
| 856 | 4 | |u https://e.lanbook.com/book/282521 | |
| 856 | 4 | 8 | |u https://e.lanbook.com/img/cover/book/282521.jpg |
| 953 | |a https://e.lanbook.com/img/cover/book/282521.jpg | ||